[Event "Benidorm op U2000 13th"]
[Site "Benidorm"]
[Date "2014.12.03"]
[Round "6"]
[White "De la Fuente Ortega, Alberto"]
[Black "Larranaga Aldalur, Jose Joaquin"]
[Result "1/2-1/2"]
[WhiteElo "1784"]
[BlackElo "1914"]
[PlyCount "51"]
[EventDate "2014.11.28"]
[EventType "swiss"]
[EventRounds "10"]
[EventCountry "ESP"]
[SourceTitle "CBM 163 Extra"]
[Source "ChessBase"]
[SourceDate "2014.12.23"]
[SourceVersion "1"]
[SourceVersionDate "2014.12.23"]
[SourceQuality "1"]

1. d4 Nf6 2. Bg5 e6 3. e4 c5 4. Bxf6 gxf6 5. c3 d5 6. exd5 Qxd5 7. Nf3 cxd4 8. Qxd4 Qxd4 9. cxd4 Bd7 10. Nc3 Bc6 11. Bb5 a6 12. Bxc6+ Nxc6 13. 0-0-0 Bb4 14. a3 Bxc3 15. bxc3 Ne7 16. g3 Nd5 17. Kb2 b5 18. Rc1 Nb6 19. Nd2 Rc8 20. Rhe1 Ke7 21. f4 f5 22. Kb3 Rhd8 23. Nf1 Nc4 24. Re2 Kf6 25. Rcc2 h5 26. Nd2 1/2-1/2

[Event "San Sebastian op 30th"]
[Site "San Sebastian"]
[Date "2007.04.06"]
[Round "7"]
[White "Larranaga Aldalur, Jose Joaquin"]
[Black "Cremers, Michael"]
[Result "0-1"]
[WhiteElo "1901"]
[BlackElo "2106"]
[PlyCount "68"]
[EventDate "2007.04.01"]
[EventType "swiss"]
[EventRounds "9"]
[EventCountry "ESP"]
[SourceTitle "CBM 117 Extra"]
[Source "ChessBase"]
[SourceDate "2007.05.09"]
[SourceVersion "1"]
[SourceVersionDate "2007.05.09"]
[SourceQuality "1"]

1. e4 c5 2. a3 g6 3. d4 Bg7 4. Bc4 cxd4 5. c3 Qb6 6. Nf3 Nc6 7. 0-0 e6 8. cxd4 Nxd4 9. Nxd4 Qxd4 10. Qe2 a6 11. Nc3 Ne7 12. Rd1 Qe5 13. Be3 Nc6 14. f4 Qc7 15. e5 b5 16. Ba2 Ne7 17. Rac1 Qd8 18. Ne4 Nf5 19. Nd6+ Nxd6 20. exd6 0-0 21. Rc7 Rb8 22. Qf3 b4 23. Ba7 Rb5 24. a4 Rf5 25. g4 Ra5 26. Rdc1 Qf6 27. Rxc8 Qxb2 28. R8c2 Bd4+ 29. Bxd4 Qxd4+ 30. Kg2 Rxa4 31. Rd1 Qb6 32. f5 Ra3 33. Bb3 a5 34. f6 h6 0-1